Normal view
MARC view
- Abdullah Zakaria Ghazali,
Entry Personal Name
001 - CONTROL NUMBER
- control field: 8180
003 - CONTROL NUMBER IDENTIFIER
- control field: OSt
005 - DATE AND TIME OF LATEST TRANSACTION
- control field: 20170525125318.0
008 - FIXED-LENGTH DATA ELEMENTS
- fixed length control field: 170525|| aca||aabn | a|a d
040 ## - CATALOGING SOURCE
- Original cataloging agency: OSt
- Transcribing agency: OSt
100 ## - HEADING--PERSONAL NAME
- Personal name: Abdullah Zakaria Ghazali,
- Relator term: author.
670 ## - SOURCE DATA FOUND
- Source citation: Work cat.: (OSt)0: Abdul Rahman Haji Ismail, author. 8177, PENEMUAN TARIKH BARU PENGASASAN EMPAYAR KERAJAAN NEGERI MELAKA 1262 =

PORTAL AKMAL
E-MEL JKDM
AKMAL2U
G-BAM
u-PUSTAKA